Hall of Fame of German Football - Men - Statistics

General Stats
  • This quiz has been taken 28 times
    15 since last reset
  • The average score is 23 of 36
Answer Stats
Year Inducted Player % Correct
2022 Philipp Lahm
100%
2018 Franz Beckenbauer
92%
2018 Gerd Müller
92%
2022 Karl-Heinz Rummenigge
92%
2018 Lothar Matthäus
92%
2020 Rudi Völler
92%
2020 Berti Vogts
85%
2018 Fritz Walter
85%
2019 Jürgen Klinsmann
85%
2019 Oliver Kahn
85%
2018 Sepp Herberger
85%
2018 Sepp Maier
85%
2018 Uwe Seeler
85%
2018 Andreas Brehme
77%
2018 Helmut Rahn
77%
2018 Matthias Sammer
77%
2023 Bastian Schweinsteiger
69%
2018 Günter Netzer
69%
2019 Helmut Schön
69%
2020 Michael Ballack
69%
2018 Paul Breitner
69%
2023 Guido Buchwald
62%
2021 Jürgen Kohler
62%
2019 Wolfgang Overath
62%
2020 Andreas Möller
54%
2023 Jupp Heynckes
54%
2022 Bernd Schuster
46%
2023 Horst Hrubesch
46%
2020 Klaus Fischer
46%
2021 Miroslav Klose
46%
2021 Udo Lattek
46%
2023 Otto Rehhagel
31%
2023 Bert Trautmann
15%
2019 Hans-Jürgen Dörner
15%
2021 Horst Eckel
8%
2021 Joachim Streich
8%
No matching quizzes found
Score Distribution
Percent of People with Each Score
Percentile by Number Answered
Your Score History
You have not taken this quiz since the last reset